[Event "Gligoric Cup 10th"]
[Site "Paracin"]
[Date "2024.05.23"]
[Round "4.2"]
[White "Garifulin, Yury"]
[Black "Livaja, Mario"]
[Result "0-1"]
[WhiteElo "2111"]
[BlackElo "2270"]
[PlyCount "86"]
[EventDate "2024.05.21"]
[EventType "team-swiss"]
[EventRounds "5"]
[EventCountry "SRB"]
[SourceTitle "CB22_2024"]
[SourceDate "2024.05.29"]
[SourceVersion "1"]
[SourceVersionDate "2024.05.29"]
[SourceQuality "1"]
[WhiteTeam "Sremska Mitrovica Sirmium"]
[BlackTeam "Nis Nais"]
[WhiteTeamCountry "SRB"]
[BlackTeamCountry "SRB"]

1. e4 c5 2. Nf3 e6 3. d4 cxd4 4. Nxd4 Nc6 5. Nc3 a6 6. a3 Qc7 7. Be3 Nf6 8. Be2 b5 9. 0-0 Bb7 10. f4 d6 11. f5 Nxd4 12. Qxd4 Be7 13. Bf3 0-0 14. g4 Nd7 15. g5 Ne5 16. Bg2 Rfe8 17. Rad1 Rac8 18. Bc1 d5 19. Kh1 Bc5 20. Qd2 Ng4 21. Qf4 Qxf4 22. Bxf4 d4 23. Ne2 exf5 24. exf5 Bxg2+ 25. Kxg2 Rxe2+ 26. Kf3 Rxc2 27. Kxg4 Rg2+ 28. Bg3 Rxb2 29. h4 Bxa3 30. Rxd4 Rb4 31. Rff4 Rxd4 32. Rxd4 Bf8 33. Be1 Rb8 34. Bg3 Ra8 35. Be1 a5 36. Rd5 b4 37. Rb5 Re8 38. Bd2 Re2 39. Bf4 a4 40. Rb8 Re4 41. Ra8 a3 42. Kf3 Rxf4+ 43. Kxf4 b3 0-1

[Event "SRB-ch sf"]
[Site "Paracin"]
[Date "2024.02.08"]
[Round "5"]
[White "Garifulin, Yury"]
[Black "Todorovic, Goran N"]
[Result "1/2-1/2"]
[WhiteElo "2109"]
[BlackElo "2263"]
[PlyCount "66"]
[EventDate "2024.02.05"]
[EventType "swiss"]
[EventRounds "9"]
[EventCountry "SRB"]
[SourceTitle "CB07_2024"]
[SourceDate "2024.02.14"]
[SourceVersion "1"]
[SourceVersionDate "2024.02.14"]
[SourceQuality "1"]

1. e4 g6 2. d4 Bg7 3. Nc3 d5 4. exd5 Nf6 5. Nf3 Nxd5 6. Nxd5 Qxd5 7. Be3 c5 8. Bb5+ Bd7 9. c4 Qe4 10. 0-0 cxd4 11. Bxd4 Bxd4 12. Nxd4 Nc6 13. Nb3 Qf5 14. Qd5 0-0-0 15. Nc5 Be8 16. Qxf5+ gxf5 17. Rfe1 e6 18. Rad1 Nd4 19. Bd7+ Bxd7 20. Rxd4 Bc6 21. Red1 Rxd4 22. Rxd4 Rg8 23. g3 Rg4 24. Rxg4 fxg4 25. Kf1 Kc7 26. Ke2 Kd6 27. b4 b6 28. Nd3 e5 29. Ke3 f6 30. a3 Be8 31. Nb2 Bf7 32. Ke4 Bg6+ 33. Ke3 Bf7 1/2-1/2

[Event "Veliko Gradiste Silver Lake op-A"]
[Site "Veliko Gradiste"]
[Date "2023.06.21"]
[Round "5"]
[White "Dabhade, Arnav"]
[Black "Garifulin, Yury"]
[Result "1-0"]
[WhiteElo "1680"]
[BlackElo "2017"]
[PlyCount "75"]
[EventDate "2023.06.18"]
[EventType "swiss"]
[EventRounds "9"]
[EventCountry "SRB"]
[SourceTitle "CBM 215 Extra"]
[Source "ChessBase"]
[SourceDate "2023.09.30"]
[SourceVersion "1"]
[SourceVersionDate "2023.09.30"]
[SourceQuality "1"]

1. e4 c5 2. Nf3 d6 3. c4 Nf6 4. Nc3 g6 5. d4 cxd4 6. Nxd4 Bg7 7. Be2 0-0 8. Be3 Bd7 9. 0-0 Nc6 10. Kh1 Rc8 11. f3 a6 12. Rc1 Qa5 13. Qd2 Nxd4 14. Bxd4 b5 15. cxb5 axb5 16. a3 Rb8 17. Rfd1 Rfc8 18. h3 b4 19. Bxf6 bxc3 20. Rxc3 Rxc3 21. Qxc3 Qxc3 22. Bxc3 Bxc3 23. bxc3 Be6 24. Ra1 Rb3 25. a4 Rxc3 26. a5 Rc7 27. a6 Ra7 28. Rb1 Kg7 29. Rb7 Ra8 30. Rxe7 Kf6 31. Rc7 d5 32. Kg1 dxe4 33. fxe4 Ke5 34. Kf2 h5 35. Ke3 f6 36. Rg7 Bc8 37. a7 Kd6 38. e5+ 1-0

[Event "EU-ch 23rd"]
[Site "Vrnjacka Banja"]
[Date "2023.03.06"]
[Round "4"]
[White "Tadic, Ana"]
[Black "Garifulin, Yury"]
[Result "0-1"]
[WhiteElo "1817"]
[BlackElo "1975"]
[PlyCount "94"]
[EventDate "2023.03.03"]
[EventType "swiss"]
[EventRounds "11"]
[EventCountry "SRB"]
[SourceTitle "CBM 213"]
[Source "ChessBase"]
[SourceDate "2023.04.30"]
[SourceVersion "1"]
[SourceVersionDate "2023.04.30"]
[SourceQuality "1"]

1. e4 c5 2. Nf3 d6 3. d4 cxd4 4. Qxd4 e5 5. Qd3 Nf6 6. c4 Nc6 7. Bg5 Be6 8. a3 Rc8 9. Nbd2 Be7 10. Be2 0-0 11. 0-0 Nh5 12. Bxe7 Qxe7 13. g3 Rfd8 14. Rfd1 h6 15. Rac1 Nf6 16. Qb1 Nh7 17. b4 Nf8 18. Nb3 Bg4 19. b5 Nb8 20. Rd2 Ne6 21. Nh4 Bxe2 22. Nf5 Qf8 23. Rxe2 Nd7 24. Na5 Ndc5 25. Rd1 g6 26. Ne3 Nd4 27. Ra2 b6 28. Nc6 Nxc6 29. bxc6 Rxc6 30. Rd5 Ne6 31. Qd3 Nc7 32. Rb5 Nxb5 33. cxb5 Rc5 34. Nd5 Kg7 35. g4 Qe8 36. a4 Qe6 37. f3 h5 38. Rg2 Rc1+ 39. Kf2 h4 40. f4 exf4 41. Kf3 Qe5 42. Rf2 h3 43. g5 Qxg5 44. Nxf4 Rdc8 45. Nxh3 Qh5+ 46. Kg2 Qg4+ 47. Qg3 Qxe4+ 0-1

[Event "EU-ch 23rd"]
[Site "Vrnjacka Banja"]
[Date "2023.03.05"]
[Round "3"]
[White "Garifulin, Yury"]
[Black "Dobre, Claudiu Cristian"]
[Result "0-1"]
[WhiteElo "1975"]
[BlackElo "2271"]
[PlyCount "66"]
[EventDate "2023.03.03"]
[EventType "swiss"]
[EventRounds "11"]
[EventCountry "SRB"]
[SourceTitle "CBM 213"]
[Source "ChessBase"]
[SourceDate "2023.04.30"]
[SourceVersion "1"]
[SourceVersionDate "2023.04.30"]
[SourceQuality "1"]

1. e4 c6 2. d4 d5 3. Nc3 dxe4 4. Nxe4 Bf5 5. Ng3 Bg6 6. h4 h6 7. Nh3 Nd7 8. Nf4 Bh7 9. Bc4 e5 10. 0-0 exf4 11. Re1+ Be7 12. Nh5 Ngf6 13. Nxg7+ Kf8 14. Nh5 Nxh5 15. Qxh5 Bg6 16. Qf3 Bxh4 17. Bxf4 Bg5 18. Re6 Kg7 19. Bc7 fxe6 20. Bxd8 Raxd8 21. Bxe6 Rhe8 22. Bb3 Nf6 23. c3 Re7 24. a4 a5 25. Bc4 Rf8 26. Rf1 Ne4 27. Qg4 Nd2 28. f4 Nxc4 29. fxg5 Rxf1+ 30. Kh2 h5 31. Qg3 Ne3 32. Qd6 Ng4+ 33. Kh3 Rh1+ 0-1

[Event "SRB-ch sf"]
[Site "Novi Banovci"]
[Date "2023.02.08"]
[Round "4"]
[White "Garifulin, Yury"]
[Black "Martic, Ivan"]
[Result "0-1"]
[WhiteElo "1840"]
[BlackElo "2270"]
[PlyCount "74"]
[EventDate "2023.02.06"]
[EventType "swiss"]
[EventRounds "9"]
[EventCountry "SRB"]
[SourceTitle "CBM 212 Extra"]
[Source "ChessBase"]
[SourceDate "2023.03.31"]
[SourceVersion "1"]
[SourceVersionDate "2023.03.31"]
[SourceQuality "1"]

1. e4 c5 2. Nf3 e6 3. d4 cxd4 4. Nxd4 Nc6 5. c4 Nf6 6. Nc3 Bb4 7. Nxc6 bxc6 8. Bd3 e5 9. 0-0 Bc5 10. Qf3 d6 11. Be3 Bxe3 12. Qxe3 Ng4 13. Qg3 h5 14. h3 h4 15. Qf3 Nf6 16. Qe3 g5 17. f3 Be6 18. b4 Qb6 19. Qxb6 axb6 20. Rfe1 Ra3 21. Rac1 Ke7 22. b5 cxb5 23. cxb5 Rc8 24. Nd5+ Nxd5 25. exd5 Rxc1 26. Rxc1 Bxd5 27. Bc4 Bxc4 28. Rxc4 Rxa2 29. Rc6 Rb2 30. Rxb6 d5 31. Rb7+ Kf6 32. b6 d4 33. Kf1 Ke6 34. Rb8 Kf5 35. b7 Kf4 36. Kg1 f5 37. Kh2 Rb1 0-1